Intervención psicológica y lenguaje

Guardat en:
Dades bibliogràfiques
Autor corporatiu: Universidad Internacional Sek (Autor)
Format: Llibre
Idioma:espanyol
Publicat: Santiago Ediciones de la Universidad Internacional Sek 1996
Matèries:
Etiquetes: Afegir etiqueta
Sense etiquetes, Sigues el primer a etiquetar aquest registre!

MARC

LEADER 00000nam a2200000 a 4500
001 UCP6780
003 CL-VaPUC
008 991119e19960000CL |||||||||||||||||spa|d
082 0 4 |a 150  |b UNI  |2 21 
110 2 |a Universidad Internacional Sek  |e author  |9 436060 
245 1 0 |a Intervención psicológica y lenguaje 
300 |a 175 p 
942 |c BK 
945 |d 19991119 00:00:00  |a rbrito 
260 |a Santiago  |b Ediciones de la Universidad Internacional Sek  |c 1996 
650 0 |a Lenguaje   |9 265069 
650 0 |a Psicoanálisis   |9 265702 
650 7 |a PSICOTERAPIA  |2 CL-VaPUC  |9 436061 
650 0 |a Psicolingüística   |9 283371 
650 0 |a Sexualidad  |9 358183 
650 0 |a Congresos  |9 257560 
583 |a last modification  |c 19991119 00:00:00  |k Rodrigo Vera 
999 |c 284218  |d 284216 
952 |0 0  |1 0  |4 0  |6 150_000000000000000_UNI_1996  |7 0  |8 A  |9 328016  |a BIBEDU  |b BIBEDU  |d 2019-11-20  |i 3580148  |o 150 UNI 1996  |p 3580148  |r 2019-11-20  |w 2019-11-20  |y BK  |k BME